000 00861cam a2200253 i 4500
001 14146
003 Mx-PuUPA
005 20250805095045.0
008 140415s1976 mx a gr 000 0 spa d
040 _aMx-PuUPA
_bspa
_cMx-PuUPA
_dMx-PuUPA
_erda
041 0 _aspa
245 0 4 _a"Una gran señal aparecio en el cielo" :
_bcomo símbolo del amor materno que une al Pueblo de Dios.
250 _aPrimera edición
264 1 _aMéxico, D. F. :
_bSanta Cruz Altillo,
_c1976
300 _a165 páginas :
_bilustraciones ;
_c19 cm
336 _2rdacontent
_atexto
_btxt
337 _2rdamedia
_asin medio
_bn
338 _2rdacarrier
_avolumen
_bnc
500 _aReimpresiones: (Segunda, 1981).
600 0 4 _aVirgen de Guadalupe
_xApariciones y milagros
942 _2ddc
_cLI
_h232.917
_iG726
999 _c14146
_d14146